[Event "CZE-tht Extraliga 2018-19"]
[Site "Czech Republic"]
[Date "2019.02.10"]
[Round "8.7"]
[White "Jansa, Vlastimil"]
[Black "Pisk, Petr"]
[Result "1/2-1/2"]
[WhiteElo "2454"]
[BlackElo "2330"]
[Annotator "TA"]
[PlyCount "58"]
[EventDate "2018.11.03"]
[EventType "team-tourn"]
[EventCountry "CZE"]
[SourceTitle "playchess.com"]
[Source "ChessBase"]
[SourceQuality "1"]
[WhiteTeam "Lysa nad Labem"]
[BlackTeam "Brno"]

{[%evp 26,58,0,11,20,30,32,27,22,17,33,33,24,18,32,31,32,36,33,26,37,14,29,15,30,26,20,27,35,19,37,41,40,43,53]} 1. e4 c6 2. d4 d5 3. Nd2 dxe4 4. Nxe4 Bf5 5. Ng3 Bg6 6. h4 h6 7. Nf3 Nd7 8. h5 Bh7 9. Bd3 Bxd3 10. Qxd3 e6 11. Bd2 Ngf6 12. O-O-O Be7 13. Kb1 O-O 14. Ne4 Nxe4 {B19: Classical Caro-Kann: 4...Bf5 main line} (14... c5 15. g4 Nxg4 16. Qe2 Qb6 17. Ne5 Ndxe5 18. dxe5 f5 19. exf6 Nxf6 20. Nc3 Rad8 21. Rhg1 Kh8 22. Rg6 {½-½ (38) Saric,I (2662)-Nisipeanu,L (2672) Heraklio 2017}) 15. Qxe4 Nf6 16. Qe2 Qd5 {White has an edge.} 17. Ne5 Qe4 ({But not} 17... Qxg2 $6 18. Rdg1 $16) 18. Qxe4 Nxe4 19. Be1 a5 20. f3 Nd6 21. g4 $146 ({Predecessor:} 21. a4 Rfc8 22. Rd3 {1-0 (69) Roelens,R-Genestier,T France 1994}) 21... Rfd8 22. Bf2 a4 23. Rd3 Bf6 24. Rhd1 Kf8 25. Bg3 Kg8 26. c3 Kf8 27. Re1 Kg8 28. f4 Bxe5 29. fxe5 Nc4 {Accuracy: White = 78%, Black = 52%.} 1/2-1/2

[Event "CZE-tht Extraliga 2018-19"]
[Site "Czech Republic"]
[Date "2019.02.10"]
[Round "8.7"]
[White "Bures, Jaroslav"]
[Black "Petr, Martin"]
[Result "0-1"]
[WhiteElo "2395"]
[BlackElo "2447"]
[Annotator "NA"]
[PlyCount "94"]
[EventDate "2018.11.03"]
[EventType "team-tourn"]
[EventCountry "CZE"]
[SourceTitle "playchess.com"]
[Source "ChessBase"]
[SourceQuality "1"]
[WhiteTeam "Poruba"]
[BlackTeam "Pardubice"]
[TimeControl "40/5400+30:1800+30"]

1. d4 {[%emt 0:00:00]} d5 {[%emt 0:00:47]} 2. c4 {[%emt 0:00:00]} e6 {[%emt 0:00:05]} 3. Nc3 {[%emt 0:00:00]} a6 {[%emt 0:00:03]} 4. cxd5 {[%emt 0:03:45]} exd5 {[%emt 0:00:07]} 5. Bf4 {[%emt 0:00:03]} Nf6 {[%emt 0:00:18]} 6. e3 {[%emt 0:00:22]} Bd6 {[%emt 0:00:09]} 7. Bxd6 {[%emt 0:03:14]} Qxd6 {[%emt 0:00:06]} 8. Bd3 {[%emt 0:00:02]} O-O {[%emt 0:00:50]} 9. Nge2 {[%emt 0:02:02]} Re8 {[%emt 0:07:01]} 10. Rb1 {[%emt 0:11:06]} Nc6 {[%emt 0:06:42]} 11. a3 {[%emt 0:00:34]} Ne7 {[%emt 0:00:56]} 12. Ng3 {[%emt 0:06:01]} Ng6 {[%emt 0:04:11]} 13. O-O {[%emt 0:01:22]} Nh4 {[%emt 0:04:39]} 14. Re1 {[%emt 0:04:27]} Bd7 {[%emt 0:04:23]} 15. e4 {[%emt 0:14:41]} dxe4 {[%emt 0:00:43]} 16. Ncxe4 {[%emt 0:00:04]} Nxe4 {[%emt 0:03:26]} 17. Rxe4 {[%emt 0:00:48]} Ng6 {[%emt 0:04:13]} 18. Rxe8+ {[%emt 0:11:18]} Rxe8 {[%emt 0:00:11]} 19. Be4 {[%emt 0:00:02]} b6 {[%emt 0:07:43]} 20. Qc2 {[%emt 0:02:12]} Re7 {[%emt 0:04:41]} 21. Rd1 {[%emt 0:07:42]} a5 {[%emt 0:00:57]} 22. h3 {[%emt 0:05:15]} h6 {[%emt 0:01:52]} 23. Nf5 {[%emt 0:07:56]} Bxf5 {[%emt 0:00:11]} 24. Bxf5 {[%emt 0:00:01]} Nf4 {[%emt 0:01:52]} 25. Bg4 {[%emt 0:00:25]} Qf6 {[%emt 0:14:13]} 26. Kh2 {[%emt 0:03:41]} h5 {[%emt 0:02:32]} 27. Bf3 {[%emt 0:00:16]} g5 {[%emt 0:03:24]} 28. Qc1 {[%emt 0:00:47]} g4 {[%emt 0:02:11]} 29. hxg4 {[%emt 0:01:43]} hxg4 {[%emt 0:00:05]} 30. Kg3 {[%emt 0:01:25]} Re4 {[%emt 0:07:16]} 31. Bxe4 {[%emt 0:06:12]} Ne2+ {[%emt 0:00:06]} 32. Kxg4 {[%emt 0:00:05]} Nxc1 {[%emt 0:00:06]} 33. Rxc1 {[%emt 0:00:03]} Qxf2 {[%emt 0:01:38]} 34. Rc2 {[%emt 0:02:50]} Qxd4 {[%emt 0:00:12]} 35. Kf3 {[%emt 0:00:22]} c5 {[%emt 0:08:25]} 36. g4 {[%emt 0:00:06]} b5 {[%emt 0:00:12]} 37. Bf5 {[%emt 0:00:07]} b4 {[%emt 0:02:09]} 38. axb4 {[%emt 0:00:01]} cxb4 {[%emt 0:00:08]} 39. Ke2 {[%emt 0:00:03]} a4 {[%emt 0:00:15]} 40. Rd2 {[%emt 0:00:26]} Qc4+ {[%emt 0:02:57]} 41. Kd1 {[%emt 0:30:58]} Qf1+ {[%emt 0:30:16]} 42. Kc2 {[%emt 0:00:08]} b3+ {[%emt 0:00:05]} 43. Kc3 {[%emt 0:00:02]} Qc1+ {[%emt 0:00:06]} 44. Kd3 {[%emt 0:00:16]} a3 {[%emt 0:02:08]} 45. bxa3 {[%emt 0:00:04]} b2 {[%emt 0:00:07]} 46. Ke2 {[%emt 0:01:12]} b1=Q {[%emt 0:00:13]} 47. Bxb1 {[%emt 0:00:20]} Qxb1 {[%emt 0:00:04]} 0-1

[Event "CZE-tht Extraliga 2018-19"]
[Site "Czech Republic"]
[Date "2019.02.10"]
[Round "8.7"]
[White "Kovar, Vojtech"]
[Black "Kawulok, Marek"]
[Result "1/2-1/2"]
[WhiteElo "2237"]
[BlackElo "2198"]
[Annotator "NA"]
[PlyCount "47"]
[EventDate "2018.11.03"]
[EventType "team-tourn"]
[EventCountry "CZE"]
[SourceTitle "playchess.com"]
[Source "ChessBase"]
[SourceQuality "1"]
[WhiteTeam "Siesta"]
[BlackTeam "Cesky Tesin"]
[TimeControl "40/5400+30:1800+30"]

1. c4 {[%emt 0:01:02]} Nf6 {[%emt 0:00:00]} 2. g3 {[%emt 0:00:18]} g6 {[%emt 0:00:00]} 3. b4 {[%emt 0:00:12]} Bg7 {[%emt 0:00:00]} 4. Bb2 {[%emt 0:00:02]} d6 {[%emt 0:01:33]} 5. Bg2 {[%emt 0:00:33]} O-O {[%emt 0:00:14]} 6. Nf3 {[%emt 0:00:12]} a5 {[%emt 0:02:46]} 7. b5 {[%emt 0:00:37]} c5 {[%emt 0:01:51]} 8. bxc6 {[%emt 0:02:09]} Nxc6 {[%emt 0:00:46]} 9. Nc3 {[%emt 0:06:36]} Ne4 {[%emt 0:11:31]} 10. Qc1 {[%emt 0:01:01]} Nxc3 {[%emt 0:00:49]} 11. Bxc3 {[%emt 0:00:02]} e5 {[%emt 0:00:08]} 12. Qb2 {[%emt 0:10:50]} f5 {[%emt 0:03:36]} 13. d3 {[%emt 0:02:24]} Qe7 {[%emt 0:08:14]} 14. Nd2 {[%emt 0:01:24]} Bh6 {[%emt 0:08:42]} 15. Rb1 {[%emt 0:02:50]} Rf7 {[%emt 0:01:21]} 16. c5 {[%emt 0:13:59]} Be6 {[%emt 0:20:45]} 17. Nc4 {[%emt 0:01:42]} Bxc4 {[%emt 0:01:07]} 18. Bxc6 {[%emt 0:04:51]} Bxd3 {[%emt 0:08:56]} 19. Qxb7 {[%emt 0:01:31]} Qxb7 {[%emt 0:09:54]} 20. Rxb7 {[%emt 0:00:37]} Be4 {[%emt 0:00:05]} 21. Bxe4 {[%emt 0:05:55]} fxe4 {[%emt 0:00:02]} 22. Rb5 {[%emt 0:00:55]} Rc7 {[%emt 0:01:00]} 23. Bd2 {[%emt 0:01:19]} e3 {[%emt 0:02:53]} 24. Bxe3 {[%emt 0:03:44]} 1/2-1/2

[Event "CZE-tht Extraliga 2018-19"]
[Site "Czech Republic"]
[Date "2019.02.10"]
[Round "8.7"]
[White "Bartos, Jan"]
[Black "Chytilek, Roman"]
[Result "1/2-1/2"]
[WhiteElo "2193"]
[BlackElo "2334"]
[Annotator "NA"]
[PlyCount "46"]
[EventDate "2018.11.03"]
[EventType "team-tourn"]
[EventCountry "CZE"]
[SourceTitle "playchess.com"]
[Source "ChessBase"]
[SourceQuality "1"]
[WhiteTeam "Siesta B"]
[BlackTeam "Duras"]
[TimeControl "40/5400+30:1800+30"]

1. d4 {[%emt 0:00:00]} Nf6 {[%emt 0:00:02]} 2. Nf3 {[%emt 0:01:30]} c5 {[%emt 0:02:01]} 3. e3 {[%emt 0:00:42]} g6 {[%emt 0:00:36]} 4. dxc5 {[%emt 0:00:08]} Qa5+ {[%emt 0:02:00]} 5. Bd2 {[%emt 0:00:15]} Qxc5 {[%emt 0:00:41]} 6. c4 {[%emt 0:00:07]} Bg7 {[%emt 0:02:25]} 7. Bc3 {[%emt 0:00:11]} O-O {[%emt 0:01:38]} 8. Nbd2 {[%emt 0:00:07]} d6 {[%emt 0:04:26]} 9. Be2 {[%emt 0:02:02]} Qc7 {[%emt 0:01:22]} 10. O-O {[%emt 0:00:25]} b6 {[%emt 0:01:16]} 11. b4 {[%emt 0:02:21]} Bb7 {[%emt 0:02:08]} 12. Qb3 {[%emt 0:01:28]} Nbd7 {[%emt 0:03:32]} 13. Rac1 {[%emt 0:01:43]} Rac8 {[%emt 0:02:46]} 14. Qb2 {[%emt 0:01:58]} Qb8 {[%emt 0:05:04]} 15. Rfd1 {[%emt 0:06:39]} Rfd8 {[%emt 0:05:26]} 16. Nd4 {[%emt 0:09:02]} Qa8 {[%emt 0:08:12]} 17. Bf1 {[%emt 0:02:26]} Ne5 {[%emt 0:07:21]} 18. N4b3 {[%emt 0:01:56]} Ned7 {[%emt 0:07:23]} 19. a4 {[%emt 0:05:32]} Qb8 {[%emt 0:00:52]} 20. a5 {[%emt 0:00:59]} bxa5 {[%emt 0:05:04]} 21. Nxa5 {[%emt 0:00:18]} Ba8 {[%emt 0:00:11]} 22. Ra1 {[%emt 0:06:30]} Qc7 {[%emt 0:15:12]} 23. Nab3 {[%emt 0:13:37]} Rb8 {[%emt 0:03:38]} 1/2-1/2

[Event "CZE-tht Extraliga 2018-19"]
[Site "Czech Republic"]
[Date "2019.02.10"]
[Round "8.7"]
[White "Krajina, Ales"]
[Black "Cech, Pavel"]
[Result "1/2-1/2"]
[WhiteElo "2118"]
[BlackElo "2325"]
[Annotator "NA"]
[PlyCount "34"]
[EventDate "2018.11.03"]
[EventType "team-tourn"]
[EventCountry "CZE"]
[SourceTitle "playchess.com"]
[Source "ChessBase"]
[SourceQuality "1"]
[WhiteTeam "Ostrava"]
[BlackTeam "Turnov"]
[TimeControl "40/5400+30:1800+30"]

1. e4 {[%emt 0:00:02]} e6 {[%emt 0:00:00]} 2. d4 {[%emt 0:00:56]} d5 {[%emt 0:00:00]} 3. exd5 {[%emt 0:00:48]} exd5 {[%emt 0:00:00]} 4. Bd3 {[%emt 0:00:35]} Nf6 {[%emt 0:03:24]} 5. c3 {[%emt 0:03:44]} Bd6 {[%emt 0:06:01]} 6. Bg5 {[%emt 0:05:19]} O-O {[%emt 0:03:06]} 7. Qc2 {[%emt 0:07:40]} h6 {[%emt 0:10:47]} 8. Bh4 {[%emt 0:01:28]} c5 {[%emt 0:12:07]} 9. dxc5 {[%emt 0:02:10]} Bxc5 {[%emt 0:00:12]} 10. Ne2 {[%emt 0:00:12]} Nc6 {[%emt 0:07:42]} 11. Nd2 {[%emt 0:02:50]} Re8 {[%emt 0:07:25]} 12. Nb3 {[%emt 0:03:36]} Bb6 {[%emt 0:05:18]} 13. O-O {[%emt 0:03:36]} Bg4 {[%emt 0:03:18]} 14. Rae1 {[%emt 0:06:19]} Rc8 {[%emt 0:03:19]} 15. Qd2 {[%emt 0:03:20]} Ne5 {[%emt 0:04:58]} 16. Ned4 {[%emt 0:05:59]} Nxd3 {[%emt 0:11:54]} 17. Qxd3 {[%emt 0:04:59]} g5 {[%emt 0:02:51]} 1/2-1/2

[Event "CZE-tht Extraliga 2018-19"]
[Site "Czech Republic"]
[Date "2019.02.10"]
[Round "8.8"]
[White "Vymazal, Bronislav"]
[Black "Priehoda, Vitezslav"]
[Result "1/2-1/2"]
[WhiteElo "2366"]
[BlackElo "2362"]
[Annotator "NA"]
[PlyCount "64"]
[EventDate "2018.11.03"]
[EventType "team-tourn"]
[EventCountry "CZE"]
[SourceTitle "playchess.com"]
[Source "ChessBase"]
[SourceQuality "1"]
[WhiteTeam "Brno"]
[BlackTeam "Lysa nad Labem"]
[TimeControl "40/5400+30:1800+30"]

1. d4 {[%emt 0:00:00]} Nf6 {[%emt 0:00:51]} 2. c4 {[%emt 0:00:00]} e6 {[%emt 0:00:04]} 3. Nf3 {[%emt 0:00:07]} d5 {[%emt 0:01:23]} 4. Nc3 {[%emt 0:01:17]} Bb4 {[%emt 0:03:14]} 5. cxd5 {[%emt 0:02:10]} exd5 {[%emt 0:00:08]} 6. Bg5 {[%emt 0:00:05]} h6 {[%emt 0:00:22]} 7. Bh4 {[%emt 0:00:31]} c5 {[%emt 0:06:31]} 8. e3 {[%emt 0:11:22]} Nbd7 {[%emt 0:10:25]} 9. Be2 {[%emt 0:10:16]} Qa5 {[%emt 0:10:36]} 10. O-O {[%emt 0:15:13]} Bxc3 {[%emt 0:05:50]} 11. bxc3 {[%emt 0:00:05]} c4 {[%emt 0:03:41]} 12. Qc2 {[%emt 0:04:21]} Ne4 {[%emt 0:10:02]} 13. Rac1 {[%emt 0:01:12]} Nb6 {[%emt 0:03:40]} 14. Nd2 {[%emt 0:03:27]} Bf5 {[%emt 0:10:14]} 15. Nxe4 {[%emt 0:01:06]} Bxe4 {[%emt 0:01:11]} 16. Qd2 {[%emt 0:00:30]} O-O {[%emt 0:00:34]} 17. f3 {[%emt 0:10:53]} Bg6 {[%emt 0:01:57]} 18. Rfe1 {[%emt 0:01:02]} Rfe8 {[%emt 0:00:15]} 19. Bf1 {[%emt 0:01:11]} Rac8 {[%emt 0:05:34]} 20. Qb2 {[%emt 0:14:00]} Rc6 {[%emt 0:02:23]} 21. g4 {[%emt 0:03:06]} Rce6 {[%emt 0:06:43]} 22. Bf2 {[%emt 0:00:13]} Qa4 {[%emt 0:02:52]} 23. Bg2 {[%emt 0:01:00]} Qd7 {[%emt 0:02:45]} 24. Qb4 {[%emt 0:02:26]} Na4 {[%emt 0:04:04]} 25. h3 {[%emt 0:08:19]} Rb6 {[%emt 0:00:31]} 26. Qa3 {[%emt 0:03:21]} Nb2 {[%emt 0:00:26]} 27. Bf1 {[%emt 0:00:22]} Nd3 {[%emt 0:02:11]} 28. Bxd3 {[%emt 0:00:05]} Bxd3 {[%emt 0:00:02]} 29. Qxa7 {[%emt 0:01:04]} Ra6 {[%emt 0:00:15]} 30. Qc5 {[%emt 0:00:05]} Rc8 {[%emt 0:02:00]} 31. Qb4 {[%emt 0:00:21]} Rxa2 {[%emt 0:00:09]} 32. Ra1 {[%emt 0:02:50]} Rca8 {[%emt 0:00:07]} 1/2-1/2

[Event "CZE-tht Extraliga 2018-19"]
[Site "Czech Republic"]
[Date "2019.02.10"]
[Round "8.8"]
[White "Vesselovsky, Serguei"]
[Black "Kriebel, Tadeas"]
[Result "1/2-1/2"]
[WhiteElo "2339"]
[BlackElo "2513"]
[Annotator "ChessBase"]
[PlyCount "41"]
[EventDate "2018.11.03"]
[EventType "team-tourn"]
[EventCountry "CZE"]
[SourceTitle "playchess.com"]
[Source "ChessBase"]
[SourceQuality "1"]
[WhiteTeam "Beskydska"]
[BlackTeam "Novoborsky"]
[TimeControl "40/5400+30:1800+30"]

1. e4 {[%emt 0:00:00]} c5 {[%emt 0:00:00]} 2. Nc3 {[%emt 0:00:32]} d6 {[%emt 0:02:00]} 3. Nge2 {[%emt 0:01:00]} e5 {[%emt 0:00:51]} 4. Nd5 {[%emt 0:03:43]} Ne7 {[%emt 0:06:05]} 5. Nec3 {[%emt 0:01:45]} Nxd5 {[%emt 0:00:25]} 6. Nxd5 {[%emt 0:01:08]} Be6 {[%emt 0:05:36]} 7. Bc4 {[%emt 0:02:02]} Be7 {[%emt 0:03:10]} 8. d3 {[%emt 0:01:30]} O-O {[%emt 0:00:32]} 9. O-O {[%emt 0:02:34]} Nc6 {[%emt 0:05:36]} 10. f4 exf4 11. Bxf4 {[%emt 0:19:08]} Rb8 {[%emt 0:03:30]} 12. a4 {[%emt 0:03:48]} a6 {[%emt 0:06:24]} 13. c3 {[%emt 0:22:43]} b5 {[%emt 0:19:49]} 14. axb5 {[%emt 0:00:24]} axb5 {[%emt 0:00:04]} 15. Bb3 {[%emt 0:02:25]} c4 {[%emt 0:13:16]} 16. dxc4 {[%emt 0:10:17]} bxc4 {[%emt 0:00:22]} 17. Bxc4 {[%emt 0:00:56]} Rxb2 18. Qc1 Rb8 {[%emt 0:04:52]} 19. Qa3 {[%emt 0:17:42]} Bxd5 {[%emt 0:02:25]} 20. Bxd5 {[%emt 0:00:38]} Ne5 {[%emt 0:02:00]} 21. Bxe5 {[%emt 0:01:51]} 1/2-1/2

[Event "CZE-tht Extraliga 2018-19"]
[Site "Czech Republic"]
[Date "2019.02.10"]
[Round "8.8"]
[White "Studnicka, Tomas"]
[Black "Kanok, Jaroslav"]
[Result "1-0"]
[WhiteElo "2315"]
[BlackElo "2146"]
[Annotator "NA"]
[PlyCount "71"]
[EventDate "2018.11.03"]
[EventType "team-tourn"]
[EventCountry "CZE"]
[SourceTitle "playchess.com"]
[Source "ChessBase"]
[SourceQuality "1"]
[WhiteTeam "Turnov"]
[BlackTeam "Ostrava"]
[TimeControl "40/5400+30:1800+30"]

1. d4 {[%emt 0:00:00]} e6 {[%emt 0:00:00]} 2. Bf4 {[%emt 0:00:13]} d5 {[%emt 0:01:04]} 3. e3 {[%emt 0:00:06]} c5 {[%emt 0:00:41]} 4. c3 {[%emt 0:00:03]} Nc6 {[%emt 0:01:43]} 5. Nd2 {[%emt 0:00:24]} cxd4 {[%emt 0:00:09]} 6. exd4 {[%emt 0:00:07]} Nf6 {[%emt 0:01:17]} 7. Ngf3 {[%emt 0:00:42]} Be7 {[%emt 0:01:30]} 8. Bd3 {[%emt 0:00:11]} Nh5 {[%emt 0:12:44]} 9. Be3 {[%emt 0:01:14]} Qc7 {[%emt 0:01:45]} 10. O-O {[%emt 0:01:51]} Bd7 {[%emt 0:11:49]} 11. Re1 {[%emt 0:04:08]} h6 {[%emt 0:15:31]} 12. Rc1 {[%emt 0:05:08]} Rd8 {[%emt 0:07:55]} 13. Nf1 {[%emt 0:01:25]} a6 {[%emt 0:12:13]} 14. Bb1 {[%emt 0:10:19]} b5 {[%emt 0:04:16]} 15. Ne5 {[%emt 0:03:34]} Nxe5 {[%emt 0:02:31]} 16. dxe5 {[%emt 0:00:07]} g6 {[%emt 0:00:06]} 17. Qd2 {[%emt 0:01:04]} g5 {[%emt 0:03:03]} 18. Qd1 {[%emt 0:05:00]} Ng7 {[%emt 0:00:40]} 19. Bd4 {[%emt 0:00:13]} Qb7 {[%emt 0:00:43]} 20. Ne3 {[%emt 0:00:42]} h5 {[%emt 0:01:00]} 21. Rf1 {[%emt 0:03:46]} b4 {[%emt 0:01:52]} 22. f4 {[%emt 0:01:24]} bxc3 {[%emt 0:00:22]} 23. bxc3 {[%emt 0:00:11]} gxf4 {[%emt 0:01:23]} 24. Rxf4 {[%emt 0:00:05]} Bg5 {[%emt 0:00:17]} 25. Rf2 {[%emt 0:01:43]} Rc8 {[%emt 0:13:14]} 26. Qf3 {[%emt 0:02:56]} Bb5 {[%emt 0:00:32]} 27. Qg3 {[%emt 0:00:52]} Qe7 {[%emt 0:00:18]} 28. Rf6 {[%emt 0:02:08]} Bxe3+ {[%emt 0:01:26]} 29. Bxe3 {[%emt 0:02:12]} Nf5 {[%emt 0:00:18]} 30. Bxf5 {[%emt 0:00:38]} exf5 {[%emt 0:00:06]} 31. Bd4 {[%emt 0:00:24]} Bd7 {[%emt 0:02:27]} 32. e6 {[%emt 0:06:00]} fxe6 {[%emt 0:00:09]} 33. Qg6+ {[%emt 0:00:33]} Kd8 {[%emt 0:00:35]} 34. Rf7 {[%emt 0:00:07]} Qa3 {[%emt 0:00:15]} 35. Rb1 {[%emt 0:00:04]} Rxc3 {[%emt 0:00:51]} 36. Qf6+ {[%emt 0:00:32]} 1-0

[Event "CZE-tht Extraliga 2018-19"]
[Site "Czech Republic"]
[Date "2019.02.10"]
[Round "8.8"]
[White "Vyskocil, Neklan"]
[Black "Chmel, Kristian"]
[Result "1-0"]
[WhiteElo "2295"]
[BlackElo "2119"]
[Annotator "NA"]
[PlyCount "119"]
[EventDate "2018.11.03"]
[EventType "team-tourn"]
[EventCountry "CZE"]
[SourceTitle "playchess.com"]
[Source "ChessBase"]
[SourceQuality "1"]
[WhiteTeam "Duras"]
[BlackTeam "Siesta B"]
[TimeControl "40/5400+30:1800+30"]

1. d4 {[%emt 0:00:00]} Nf6 {[%emt 0:00:00]} 2. c4 {[%emt 0:00:27]} g6 {[%emt 0:00:00]} 3. Nc3 {[%emt 0:00:52]} d5 {[%emt 0:00:00]} 4. Qa4+ {[%emt 0:02:58]} Bd7 {[%emt 0:09:19]} 5. Qb3 {[%emt 0:01:45]} dxc4 {[%emt 0:02:52]} 6. Qxc4 {[%emt 0:00:31]} Bg7 {[%emt 0:02:01]} 7. e4 {[%emt 0:00:47]} b5 {[%emt 0:24:05]} 8. Nxb5 {[%emt 0:03:00]} Nxe4 {[%emt 0:09:33]} 9. Nxc7+ {[%emt 0:08:20]} Kf8 {[%emt 0:01:12]} 10. Nxa8 {[%emt 0:09:11]} Nc6 {[%emt 0:18:17]} 11. Nf3 {[%emt 0:05:01]} Qa5+ {[%emt 0:11:22]} 12. Bd2 {[%emt 0:05:12]} Nxd2 {[%emt 0:05:29]} 13. Nxd2 {[%emt 0:00:30]} Bxd4 {[%emt 0:02:16]} 14. Be2 {[%emt 0:02:32]} Kg7 {[%emt 0:05:26]} 15. Rd1 {[%emt 0:02:59]} Rxa8 {[%emt 0:02:30]} 16. O-O {[%emt 0:00:20]} Qb6 {[%emt 0:01:42]} 17. Nf3 {[%emt 0:08:05]} Be6 {[%emt 0:00:30]} 18. Qa4 {[%emt 0:04:53]} Bf6 {[%emt 0:00:38]} 19. b3 {[%emt 0:01:17]} Rb8 {[%emt 0:01:37]} 20. Bc4 {[%emt 0:02:53]} Bg4 {[%emt 0:00:32]} 21. Bd5 {[%emt 0:02:45]} Nb4 {[%emt 0:00:34]} 22. Be4 {[%emt 0:02:58]} Bc8 {[%emt 0:00:22]} 23. Nd2 {[%emt 0:08:59]} Na6 {[%emt 0:00:39]} 24. Nc4 {[%emt 0:00:47]} Qc7 {[%emt 0:00:22]} 25. Bf3 {[%emt 0:01:59]} Nc5 {[%emt 0:00:31]} 26. Qc6 {[%emt 0:02:32]} Qxc6 {[%emt 0:00:32]} 27. Bxc6 {[%emt 0:00:04]} Ba6 {[%emt 0:00:25]} 28. Rd5 {[%emt 0:01:49]} Ne6 {[%emt 0:00:38]} 29. Ra5 {[%emt 0:01:46]} Bxc4 {[%emt 0:00:30]} 30. bxc4 {[%emt 0:00:16]} Bd4 {[%emt 0:00:11]} 31. Rb5 {[%emt 0:02:25]} Rd8 {[%emt 0:00:37]} 32. Rb7 {[%emt 0:04:24]} Kf6 {[%emt 0:00:09]} 33. g3 {[%emt 0:04:42]} Bc5 {[%emt 0:00:42]} 34. Rd7 {[%emt 0:02:25]} Rb8 {[%emt 0:00:06]} 35. Rb7 {[%emt 0:02:05]} Rd8 {[%emt 0:00:07]} 36. Rd7 {[%emt 0:03:27]} Rb8 {[%emt 0:00:06]} 37. Rfd1 {[%emt 0:01:03]} Rb6 {[%emt 0:01:04]} 38. Bd5 {[%emt 0:00:55]} Nd4 {[%emt 0:01:29]} 39. Rc7 {[%emt 0:01:14]} Ne2+ {[%emt 0:00:29]} 40. Kf1 {[%emt 0:00:57]} Nc3 {[%emt 0:00:27]} 41. Rd3 {[%emt 0:02:37]} Rb1+ {[%emt 0:10:17]} 42. Kg2 {[%emt 0:00:32]} Nxd5 {[%emt 0:00:27]} 43. Rxc5 {[%emt 0:02:06]} Nb6 {[%emt 0:01:44]} 44. Rf3+ {[%emt 0:01:27]} Ke6 {[%emt 0:00:44]} 45. Rc7 {[%emt 0:00:25]} Kd6 {[%emt 0:02:35]} 46. Rxa7 {[%emt 0:00:47]} Nxc4 {[%emt 0:00:10]} 47. Rxf7 {[%emt 0:01:31]} e5 {[%emt 0:00:46]} 48. Rxh7 {[%emt 0:01:29]} Rb2 {[%emt 0:00:52]} 49. Ra6+ {[%emt 0:02:20]} Kd5 {[%emt 0:01:55]} 50. Rd7+ {[%emt 0:00:11]} Kc5 {[%emt 0:00:27]} 51. Rc7+ {[%emt 0:00:31]} Kd5 {[%emt 0:01:00]} 52. Rxc4 {[%emt 0:01:25]} Kxc4 {[%emt 0:00:09]} 53. Rxg6 {[%emt 0:00:23]} Rxa2 {[%emt 0:00:16]} 54. h4 {[%emt 0:00:50]} Kd5 {[%emt 0:01:21]} 55. Rg8 {[%emt 0:00:12]} Ke6 {[%emt 0:00:33]} 56. h5 {[%emt 0:04:34]} Kf7 {[%emt 0:01:06]} 57. Rg4 {[%emt 0:00:31]} Ra6 {[%emt 0:00:55]} 58. Rg5 {[%emt 0:01:20]} Re6 {[%emt 0:00:51]} 59. Kf3 {[%emt 0:00:31]} Re8 {[%emt 0:00:54]} 60. Ke4 {[%emt 0:00:19]} 1-0

[Event "CZE-tht Extraliga 2018-19"]
[Site "Czech Republic"]
[Date "2019.02.10"]
[Round "8.8"]
[White "Rosko, Lubos"]
[Black "Sharashenidze, Akaki"]
[Result "1/2-1/2"]
[WhiteElo "2276"]
[BlackElo "2367"]
[Annotator "NA"]
[PlyCount "58"]
[EventDate "2018.11.03"]
[EventType "team-tourn"]
[EventCountry "CZE"]
[SourceTitle "playchess.com"]
[Source "ChessBase"]
[SourceQuality "1"]
[WhiteTeam "Pardubice"]
[BlackTeam "Poruba"]
[TimeControl "40/5400+30:1800+30"]

1. d4 {[%emt 0:00:00]} d5 {[%emt 0:00:00]} 2. c4 {[%emt 0:00:00]} c6 {[%emt 0:00:00]} 3. cxd5 {[%emt 0:00:00]} cxd5 {[%emt 0:00:00]} 4. Nc3 {[%emt 0:00:03]} Nf6 {[%emt 0:00:00]} 5. Bf4 {[%emt 0:00:08]} e6 {[%emt 0:04:15]} 6. e3 {[%emt 0:06:00]} a6 {[%emt 0:00:41]} 7. Nf3 {[%emt 0:00:57]} Be7 {[%emt 0:02:01]} 8. Bd3 {[%emt 0:00:49]} O-O {[%emt 0:00:06]} 9. Rc1 {[%emt 0:00:26]} Nc6 {[%emt 0:02:12]} 10. O-O {[%emt 0:09:05]} Bd7 {[%emt 0:08:10]} 11. Ne5 {[%emt 0:06:13]} Rc8 {[%emt 0:04:24]} 12. a3 {[%emt 0:02:49]} Be8 {[%emt 0:17:01]} 13. Bb1 {[%emt 0:13:43]} Nd7 {[%emt 0:05:25]} 14. Qd3 {[%emt 0:03:30]} f5 {[%emt 0:00:24]} 15. Nxc6 {[%emt 0:00:33]} Rxc6 {[%emt 0:00:14]} 16. Ne2 {[%emt 0:08:51]} Nf6 {[%emt 0:06:26]} 17. Be5 {[%emt 0:02:38]} g5 {[%emt 0:02:13]} 18. Rxc6 {[%emt 0:01:45]} Bxc6 {[%emt 0:00:03]} 19. Rc1 {[%emt 0:02:10]} Ne4 {[%emt 0:14:32]} 20. Qd1 {[%emt 0:01:27]} Nd6 {[%emt 0:04:00]} 21. Bd3 {[%emt 0:05:10]} Nc4 {[%emt 0:02:46]} 22. Bxc4 {[%emt 0:09:46]} dxc4 {[%emt 0:00:05]} 23. f3 {[%emt 0:00:16]} b5 {[%emt 0:01:05]} 24. Ng3 {[%emt 0:01:21]} Bd6 25. Bxd6 Qxd6 26. b3 f4 27. exf4 gxf4 28. Ne2 Bd5 29. b4 Bc6 1/2-1/2